Modernity and housing / (Record no. 352443)

000 -LEADER
fixed length control field 00793 a2200241 4500
003 - CONTROL NUMBER IDENTIFIER
control field OSt
005 - DATE AND TIME OF LATEST TRANSACTION
control field 20180116192335.0
008 - FIXED-LENGTH DATA ELEMENTS--GENERAL INFORMATION
fixed length control field 120229t xxu||||| |||| 00| 0 eng d
010 ## - LIBRARY OF CONGRESS CONTROL NUMBER
LC control number 92045140
020 ## - INTERNATIONAL STANDARD BOOK NUMBER
International Standard Book Number 0262181517
040 ## - CATALOGING SOURCE
Transcribing agency 0
082 00 - DEWEY DECIMAL CLASSIFICATION NUMBER
Classification number 363.50904
100 1# - MAIN ENTRY--PERSONAL NAME
Personal name Rowe, Peter G.
9 (RLIN) 450
245 10 - TITLE STATEMENT
Title Modernity and housing /
Statement of responsibility, etc. Peter G. Rowe.
260 ## - PUBLICATION, DISTRIBUTION, ETC.
Place of publication, distribution, etc. Cambridge, Mass. :
Name of publisher, distributor, etc. MIT Press,
Date of publication, distribution, etc. c1993.
300 ## - PHYSICAL DESCRIPTION
Extent 408 p. :
Other physical details ill. ;
Dimensions 29 cm.
500 ## - GENERAL NOTE
General note Includes index
650 #0 - SUBJECT ADDED ENTRY--TOPICAL TERM
Topical term or geographic name entry element Housing
General subdivision History
Chronological subdivision 20th century
General subdivision Case studies.
9 (RLIN) 451
650 #0 - SUBJECT ADDED ENTRY--TOPICAL TERM
Topical term or geographic name entry element Housing development
General subdivision History
Chronological subdivision 20th century
General subdivision Case studies.
9 (RLIN) 452
650 #0 - SUBJECT ADDED ENTRY--TOPICAL TERM
Topical term or geographic name entry element Architecture, Domestic
General subdivision Case studies.
9 (RLIN) 453
942 ## - ADDED ENTRY ELEMENTS (KOHA)
Institution code [OBSOLETE] SADA
Koha item type Book
Call number prefix 363.50904 ROW 1993
Source of classification or shelving scheme
Holdings
Withdrawn status Lost status Source of classification or shelving scheme Damaged status Not for loan Permanent Location Current Location Date acquired Total Checkouts Total Renewals Full call number Barcode Date last seen Date last checked out Cost, replacement price Price effective from Koha item type
          School of Art Design and Architecture (SADA) School of Art Design and Architecture (SADA) 09/29/2010 1 1 363.50904 ROW 1993 SADA0000225 10/28/2014 09/17/2014 7458.00 08/05/2011 Book
© 2023 Central Library, National University of Sciences and Technology. All Rights Reserved.